01134nam a2200289Ia 4500001001200000003000800012006001900020007001500039008004100054020001800095020001800113040002100131035002100152050002600173245011500199260002900314300001500343504005300358533015200411650004100563650001500604655002900619700003200648700002100680710001700701856012600718ebr10534025CaPaEBRm u cr cn|||||||||120309s2012 nju sb 001 0 eng d z9781118167847 z9781118197721 aCaPaEBRcCaPaEBR a(OCoLC)78154082514aQD453b.A27150 2012eb00aAdvances in chemical physics.nVolume 150h[electronic resource] /cedited by Sturat A. Rice, Aaron R. Dinner. aHoboken :bWiley,c2012. aix, 362 p. aIncludes bibliographical references and indexes. aElectronic reproduction.bPalo Alto, Calif. :cebrary,d2013.nAvailable via World Wide Web.nAccess may be limited to ebrary affiliated libraries. 0aChemistry, Physical and theoretical. 0aChemistry. 7aElectronic books.2local1 aRice, Stuart Arthur,d1932-1 aDinner, Aaron R.2 aebrary, Inc.40uhttp://site.ebrary.com/lib/rucke/Doc?id=10534025zAn electronic book accessible through the World Wide Web; click to view